[Event "TUR-chT2"]
[Site "Konya"]
[Date "2015.07.30"]
[Round "8.1"]
[White "Uygun, Umut Unal"]
[Black "Yilmaz, Goktan"]
[Result "0-1"]
[WhiteElo "1734"]
[BlackElo "2012"]
[PlyCount "88"]
[EventDate "2015.07.25"]
[EventType "team-swiss"]
[EventRounds "9"]
[EventCountry "TUR"]
[SourceTitle "CBM 167 Extra"]
[Source "ChessBase"]
[SourceDate "2015.09.14"]
[SourceVersion "1"]
[SourceVersionDate "2015.09.14"]
[SourceQuality "1"]
[WhiteTeam "Antalya Deniz Genclik"]
[BlackTeam "Ankara Onur"]
[WhiteTeamCountry "TUR"]
[BlackTeamCountry "TUR"]

1. e4 c5 2. Ne2 d6 3. c4 e5 4. d3 Nc6 5. Nbc3 f5 6. f4 Be7 7. Ng3 Bh4 8. Be2 Nge7 9. 0-0 Bxg3 10. hxg3 0-0 11. Nd5 Nxd5 12. cxd5 Nd4 13. Be3 Qe8 14. Bxd4 cxd4 15. Bf3 Bd7 16. Rc1 Qg6 17. Rc7 Bb5 18. Rxb7 Ba6 19. Rd7 Rf6 20. fxe5 dxe5 21. g4 fxg4 22. Bxg4 Rxf1+ 23. Kxf1 Qxe4 24. Qf3 Qxd3+ 25. Qxd3 Bxd3+ 26. Ke1 Bg6 27. Be6+ Kf8 28. Rc7 e4 29. b3 a5 30. Rc4 d3 31. Kd2 Ke7 32. Ke3 Rf8 33. Rc7+ Kd6 34. Rd7+ Ke5 35. Re7 Rf1 36. Bg8+ Kd6 37. Re6+ Kd7 38. Ra6 Re1+ 39. Kd2 Re2+ 40. Kd1 Rc2 41. Ra7+ Kd6 42. Ra6+ Ke5 43. g4 e3 44. Re6+ Kd4 0-1

[Event "TUR-chT2"]
[Site "Konya"]
[Date "2015.07.26"]
[Round "3.4"]
[White "Uygun, Umut Unal"]
[Black "Kara, Yanki"]
[Result "0-1"]
[WhiteElo "1734"]
[BlackElo "1777"]
[PlyCount "150"]
[EventDate "2015.07.25"]
[EventType "team-swiss"]
[EventRounds "9"]
[EventCountry "TUR"]
[SourceTitle "CBM 167 Extra"]
[Source "ChessBase"]
[SourceDate "2015.09.14"]
[SourceVersion "1"]
[SourceVersionDate "2015.09.14"]
[SourceQuality "1"]
[WhiteTeam "Antalya Deniz Genclik"]
[BlackTeam "Manisa Salihli Sardes"]
[WhiteTeamCountry "TUR"]
[BlackTeamCountry "TUR"]

1. e4 e5 2. Nf3 Nc6 3. Bb5 a6 4. Ba4 Nf6 5. 0-0 b5 6. Bb3 Be7 7. Re1 d6 8. h3 Na5 9. d4 exd4 10. e5 dxe5 11. Nxe5 0-0 12. Nd2 Bb7 13. Ndf3 c5 14. Bxf7+ Rxf7 15. Nxf7 Kxf7 16. Qe2 Bxf3 17. Qxf3 Qd5 18. Qg3 Bd6 19. Qh4 Qh5 20. Qxh5+ Nxh5 21. Rd1 Nf4 22. Bxf4 Bxf4 23. Rd3 Ke6 24. Re1+ Kd7 25. b4 cxb4 26. Rxd4+ Bd6 27. Red1 Nc4 28. Rh4 Rh8 29. g3 Kc6 30. Kg2 Bc5 31. Rd3 Ne5 32. Rd2 Nc4 33. Re2 Nd6 34. Rf4 Re8 35. Kf3 a5 36. Rxe8 Nxe8 37. Ke2 a4 38. Kd3 Be7 39. Re4 Kd7 40. f4 Nc7 41. Re2 Bf6 42. g4 Ne6 43. Ke4 Bc3 44. h4 Kd6 45. f5 Nc5+ 46. Kf4 b3 47. axb3 axb3 48. cxb3 b4 49. g5 Nxb3 50. Re6+ Kd7 51. Ke3 Nd4 52. Rb6 Nxf5+ 53. Ke4 Nxh4 54. Kd5 Kc7 55. Rc6+ Kb7 56. Kc5 Nf3 57. g6 hxg6 58. Rxg6 Nd2 59. Rb6+ Ka7 60. Kc6 b3 61. Rb7+ Ka6 62. Rb8 Ka5 63. Kc5 Ka4 64. Ra8+ Ba5 65. Rb8 g5 66. Kd4 g4 67. Ke3 g3 68. Ke2 Bc3 69. Ra8+ Kb5 70. Rb8+ Ka6 71. Rg8 b2 72. Rxg3 b1Q 73. Rxc3 Nb3 74. Rc4 Nc1+ 75. Kf2 Qa2+ 0-1

[Event "Kemer Turkey Cup"]
[Site "Kemer"]
[Date "2014.02.01"]
[Round "1"]
[White "Uygun, Umut Unal"]
[Black "Tatar, Ismail Anil"]
[Result "1-0"]
[WhiteElo "1791"]
[BlackElo "1659"]
[PlyCount "32"]
[EventDate "2014.02.01"]
[EventType "swiss"]
[EventRounds "9"]
[EventCountry "TUR"]
[SourceTitle "CBM 158 Extra"]
[Source "ChessBase"]
[SourceDate "2014.02.28"]
[SourceVersion "1"]
[SourceVersionDate "2014.02.28"]
[SourceQuality "1"]

1. e4 e6 2. c4 c5 3. Ne2 Qb6 4. Nbc3 Nc6 5. g3 d6 6. Bg2 Nf6 7. 0-0 Be7 8. d3 0-0 9. Rb1 Nd4 10. h3 Bd7 11. Be3 e5 12. f4 Rab8 13. f5 a6 14. g4 Qd8 15. Ng3 Nc6 16. Nd5 Nxd5 1-0